| 000 | 00858njm a2200301Ia 4500 | ||
|---|---|---|---|
| 001 | 26028 | ||
| 003 | IT-RoPAU | ||
| 005 | 20220918181141.0 | ||
| 008 | 131025s9999 xx 000 0 und d | ||
| 040 | _aIT-RoPAU | ||
| 040 | _cIT-RoPAU | ||
| 041 | _aITALIANO | ||
| 999 |
_c101271 _d101271 |
||
| 999 | _bn.d. | ||
| 100 |
_aGounod Charles _915283 |
||
| 100 |
_eAutore musica _915284 |
||
| 100 |
_gCodice autore musica SPICS: 10670 _915285 |
||
| 245 | _aSerie liturgica-Eucarestia | ||
| 250 | _a1a ed. | ||
| 260 | _aROMA | ||
| 260 | _bEP - MUSICALI E DISCOGRAFICHE | ||
| 300 | _aDISCO | ||
| 500 | _aParlato religioso | ||
| 505 | _aEucarestia | ||
| 511 | _aSacerdote: don L. Zega | ||
| 650 |
_aLITURGICO [DISCHI] _eCodice MATERIA SPICS: 9950 _9966 |
||
| 700 |
_aBerardi M. Rosaria _eAutore testo e musica _gCodice autore testo/musica SPICS: 9319 _915286 |
||
| 942 |
_cMD _2ddc |
||